[Event "Aarhus Festuge GM 2018"]
[Site "Aarhus"]
[Date "2018.09.15"]
[Round "8"]
[White "Gritsak, Orest"]
[Black "Zumsande, Martin"]
[Result "1/2-1/2"]
[WhiteElo "2450"]
[BlackElo "2458"]
[Annotator "TA"]
[PlyCount "61"]
[EventDate "2018.09.08"]
[EventType "tourn"]
[EventCountry "DEN"]
[SourceTitle "playchess.com"]
[Source "ChessBase"]
[SourceQuality "1"]

{[%evp 19,61,7,7,-8,0,0,0,0,0,0,12,6,6,16,17,-8,-12,-15,-4,0,0,0,0,0,0,0,11,-7,-6,-5,-5,-11,11,13,25,0,47,43,110,36,35,28,32,26]} 1. d4 e6 2. c4 d5 3. Nf3 Nf6 4. Nc3 Be7 5. Bg5 h6 6. Bh4 O-O 7. Rc1 b6 8. cxd5 {D53: Queen's Gambit Declined: 4 Bg5 Be7: Early deviations} Nxd5 9. Nxd5 exd5 10. Bxe7 Qxe7 {LiveBook: 35 Games} 11. Qd2 Be6 12. b4 $146 ({Predecessor:} 12. g3 c5 13. Ne5 Nd7 14. Nxd7 Qxd7 15. dxc5 Rfc8 16. Bg2 Rxc5 {½-½ (16) Savon,V (2485)-Balashov,Y (2595) Moscow (Russia) 1982}) 12... c6 13. e3 a5 14. b5 c5 15. dxc5 bxc5 16. Be2 a4 17. O-O Nd7 {[%cal Bb8d7,Bd7f6,Bf6e4][%mdl 32]} 18. Rfd1 Rfc8 19. h3 Nf6 20. Ne5 Ne4 21. Qe1 c4 22. Bf3 Qc5 23. Nxc4 {[#] Bxe4 is the strong threat.} Ng5 24. Ne5 {[%cal Bc4e5,Be5c6,Bc6d4][%mdl 32]} Qxb5 25. Be2 Qb2 26. Nc6 {Hoping for Ne7+.} Kh8 27. Rb1 Qc2 28. Nd4 Qg6 (28... Qc7 $14) 29. Kh2 ({White should play} 29. Rb6 $16) 29... Ne4 30. Rdc1 Qf6 31. Kg1 {Precision: White = 59%, Black = 52%.} 1/2-1/2

[Event "Aarhus Festuge GM 2018"]
[Site "Aarhus"]
[Date "2018.09.15"]
[Round "8"]
[White "Antonsen, Mikkel"]
[Black "Chatalbashev, Boris"]
[Result "1-0"]
[WhiteElo "2434"]
[BlackElo "2546"]
[Annotator "TA"]
[PlyCount "63"]
[EventDate "2018.09.08"]
[EventType "tourn"]
[EventCountry "DEN"]
[SourceTitle "playchess.com"]
[Source "ChessBase"]
[SourceQuality "1"]

{[%evp 23,63,52,54,-25,-31,-66,-31,-113,-15,-24,50,55,35,-8,23,26,37,44,42,0,0,0,133,130,192,191,341,307,336,327,637,609,1678,1671,1614,1601,1500,1535,1205,893,29988,29989]} 1. d4 {Stohl,I} d6 2. e4 Nf6 3. f3 c5 4. d5 e6 5. c4 exd5 6. cxd5 g6 7. Nc3 Bg7 8. Nge2 {A65: Modern Benoni: 6 e4} a6 (8... Nbd7 9. Ng3 h5 10. Be2 Nh7 11. Bf4 Qe7 12. Qd2 h4 13. Nf1 g5 14. Be3 Ne5 15. g3 Bd7 16. gxh4 gxh4 {½-½ (42) Aronian,L (2794)-Grischuk,A (2767) Berlin 2018}) 9. a4 Nbd7 10. Ng3 h5 {[%cal Bh7h5,Bh5h4][%mdl 32]} 11. Be2 h4 12. Nf1 Nh5 {LiveBook: 3 Games} 13. f4 (13. g4 $14 hxg3 14. hxg3) 13... Qe7 $11 {[#]} 14. Qc2 $146 ({Predecessor:} 14. e5 dxe5 15. d6 Qf6 16. Bxh5 Rxh5 {1-0 (41) Gurevich,M (2610)-Degraeve,J (2580) Belfort 1998 CBM 069 [Stohl,I]}) 14... Bd4 15. Bxh5 (15. g4 $1 $15 hxg3 16. hxg3) 15... gxh5 (15... Rxh5 $17 16. Ne2 f5) 16. Be3 Rg8 (16... O-O $11) 17. O-O-O $1 $14 Bxc3 18. bxc3 b5 19. Nd2 Rxg2 20. e5 Bb7 21. Qf5 {Black must now prevent Ne4.} dxe5 22. c4 exf4 (22... Re2 $11 23. Qd3 Rg2) 23. Bxf4 $16 Qf6 ({Avoid the trap} 23... bxa4 $2 24. Rde1 $18) (23... Re2 $16 {might work better.}) 24. Qe4+ $18 Kf8 (24... Kd8 $142) 25. Qxg2 Qxf4 26. Rhg1 (26. axb5 axb5 27. Qe4 Qf6 $11) 26... Qd4 $2 (26... Qg4 27. Qxg4 hxg4 28. Rxg4 Nb6 29. Rxh4 bxc4) 27. Rde1 {[%csl Gg1][%cal Rg2g8] [#]} Qa1+ 28. Nb1 {[%csl Gg1][%cal Rg2g8]} Qh8 29. Qg5 {[%csl Ge1][%cal Rg5e7]} Nf6 30. Qe5 {[%csl Ge1][%cal Re5e7]} Qh6+ 31. Nd2 {[%csl Ge1][%cal Re5e7] [#]} Ng8 32. d6 {Precision: White = 61%, Black = 42%.} 1-0

[Event "Aarhus Festuge GM 2018"]
[Site "Aarhus"]
[Date "2018.09.15"]
[Round "8"]
[White "Skytte, Rasmus"]
[Black "Matthiesen, Martin"]
[Result "1-0"]
[WhiteElo "2372"]
[BlackElo "2275"]
[Annotator "ChessBase"]
[PlyCount "77"]
[EventDate "2018.09.08"]
[EventType "tourn"]
[EventCountry "DEN"]
[SourceTitle "playchess.com"]
[Source "ChessBase"]
[SourceQuality "1"]
[TimeControl "40/5400+30:1800+30"]

1. d4 {[%emt 0:08:54]} Nf6 {[%emt 0:00:00]} 2. c4 {[%emt 0:00:22]} g6 {[%emt 0:00:00]} 3. Nc3 {[%emt 0:00:06]} Bg7 {[%emt 0:00:00]} 4. e4 {[%emt 0:00:06]} d6 {[%emt 0:00:03]} 5. Be2 {[%emt 0:00:04]} O-O {[%emt 0:00:10]} 6. Bg5 {[%emt 0:00:04]} c5 {[%emt 0:00:36]} 7. d5 {[%emt 0:02:32]} e6 {[%emt 0:00:20]} 8. Qd2 {[%emt 0:00:55]} exd5 {[%emt 0:02:06]} 9. exd5 {[%emt 0:00:53]} Qb6 {[%emt 0:02:54]} 10. Nf3 {[%emt 0:00:37]} Bf5 {[%emt 0:17:52]} 11. Nh4 {[%emt 0:00:23]} Ne4 {[%emt 0:03:08]} 12. Nxe4 {[%emt 0:03:42]} Bxe4 {[%emt 0:01:24]} 13. f3 {[%emt 0:00:13]} h6 {[%emt 0:06:48]} 14. Bxh6 {[%emt 0:03:01]} Bxh6 {[%emt 0:00:18]} 15. Qxh6 {[%emt 0:00:09]} Qxb2 {[%emt 0:00:09]} 16. O-O {[%emt 0:01:44]} Qd4+ {[%emt 0:07:52]} 17. Kh1 {[%emt 0:03:35]} Bc2 {[%emt 0:00:20]} 18. Rac1 {[%emt 0:13:35]} Ba4 {[%emt 0:00:48]} 19. f4 {[%emt 0:01:36]} Qg7 {[%emt 0:08:10]} 20. Qg5 {[%emt 0:02:17]} Re8 {[%emt 0:07:03]} 21. Bd3 {[%emt 0:05:08]} Nd7 {[%emt 0:01:36]} 22. Qg3 {[%emt 0:11:51]} Nf6 {[%emt 0:05:24]} 23. Bb1 {[%emt 0:17:33]} Re2 {[%emt 0:05:06]} 24. f5 {[%emt 0:07:32]} g5 {[%emt 0:00:37]} 25. Nf3 {[%emt 0:00:28]} g4 {[%emt 0:01:39]} 26. Ne1 {[%emt 0:00:16]} Rd8 {[%emt 0:12:59]} 27. Nd3 {[%emt 0:03:03]} Qg5 {[%emt 0:04:35]} 28. Nf4 {[%emt 0:01:19]} Re5 {[%emt 0:01:24]} 29. Qc3 {[%emt 0:05:10]} b6 {[%emt 0:01:18]} 30. Qg3 {[%emt 0:03:03]} b5 {[%emt 0:01:38]} 31. Nh3 {[%emt 0:03:06]} Qg7 {[%emt 0:01:48]} 32. Nf4 {[%emt 0:01:38]} Rde8 {[%emt 0:01:26]} 33. Qh4 {[%emt 0:00:22]} Qh8 {[%emt 0:01:43]} 34. Qg5+ {[%emt 0:00:07]} Kf8 {[%emt 0:00:25]} 35. Nd3 {[%emt 0:00:56]} Re2 {[%emt 0:00:56]} 36. Nf4 {[%emt 0:00:12]} Rb2 {[%emt 0:02:02]} 37. Ng6+ {[%emt 0:00:30]} fxg6 {[%emt 0:00:08]} 38. fxg6 {[%emt 0:00:03]} Ke7 {[%emt 0:01:59]} 39. g7 {[%emt 0:00:18]} 1-0

[Event "Aarhus Festuge GM 2018"]
[Site "Aarhus"]
[Date "2018.09.15"]
[Round "8"]
[White "Pajeken, Jakob Leon"]
[Black "Olsen, Filip Boe"]
[Result "1/2-1/2"]
[WhiteElo "2337"]
[BlackElo "2354"]
[Annotator "ChessBase"]
[PlyCount "43"]
[EventDate "2018.09.08"]
[EventType "tourn"]
[EventCountry "DEN"]
[SourceTitle "playchess.com"]
[Source "ChessBase"]
[SourceQuality "1"]
[TimeControl "40/5400+30:1800+30"]

1. d4 {[%emt 0:00:00]} Nf6 {[%emt 0:00:00]} 2. Nf3 {[%emt 0:00:00]} e6 {[%emt 0:00:00]} 3. Bf4 {[%emt 0:00:00]} c5 {[%emt 0:00:24]} 4. e3 {[%emt 0:00:01]} Be7 {[%emt 0:01:35]} 5. c3 {[%emt 0:06:40]} b6 {[%emt 0:03:36]} 6. Nbd2 {[%emt 0:03:37]} O-O {[%emt 0:03:33]} 7. h3 {[%emt 0:03:51]} Bb7 {[%emt 0:01:27]} 8. Bd3 {[%emt 0:01:10]} cxd4 {[%emt 0:07:28]} 9. exd4 {[%emt 0:00:27]} d6 {[%emt 0:00:51]} 10. O-O {[%emt 0:02:04]} Nbd7 {[%emt 0:04:28]} 11. Qe2 {[%emt 0:04:30]} a6 {[%emt 0:04:51]} 12. a4 {[%emt 0:00:44]} Qc7 {[%emt 0:09:19]} 13. Rfe1 {[%emt 0:08:05]} Rfe8 {[%emt 0:05:40]} 14. Bh2 {[%emt 0:06:50]} Qc6 {[%emt 0:06:24]} 15. Qf1 {[%emt 0:09:35]} Nf8 {[%emt 0:06:46]} 16. c4 {[%emt 0:02:36]} a5 {[%emt 0:13:04]} 17. c5 {[%emt 0:21:43]} N8d7 {[%emt 0:10:54]} 18. Bb5 {[%emt 0:00:52]} Qd5 {[%emt 0:01:23]} 19. Bc4 {[%emt 0:02:44]} Qc6 {[%emt 0:00:30]} 20. Bb5 {[%emt 0:00:41]} Qd5 {[%emt 0:00:18]} 21. Bc4 {[%emt 0:09:06]} Qc6 {[%emt 0:00:13]} 22. Bb5 {[%emt 0:01:02]} 1/2-1/2

[Event "Aarhus Festuge GM 2018"]
[Site "Aarhus"]
[Date "2018.09.16"]
[Round "9"]
[White "Chatalbashev, Boris"]
[Black "Skytte, Rasmus"]
[Result "1/2-1/2"]
[WhiteElo "2546"]
[BlackElo "2372"]
[Annotator "TA"]
[PlyCount "190"]
[EventDate "2018.09.08"]
[EventType "tourn"]
[EventCountry "DEN"]
[SourceTitle "playchess.com"]
[Source "ChessBase"]
[SourceQuality "1"]

{[%evp 20,190,18,12,8,8,10,6,13,2,18,9,11,11,28,0,0,0,0,0,6,0,0,0,0,0,0,0,13,0,11,-52,0,-4,-4,-21,0,0,22,20,26,0,28,10,38,0,0,0,0,-68,0,0,13,0,11,0,7,-2,15,15,15,8,24,15,18,22,32,35,64,13,31,20,49,28,28,28,38,32,37,32,31,38,64,64,64,38,39,46,64,64,64,64,64,64,64,64,64,64,64,64,64,64,64,64,64,64,64,64,64,64,64,64,68,20,64,0,67,18,16,15,22,22,24,24,24,24,24,24,27,42,24,38,866,882,1125,1072,680,282,545,3,6,0,0,0,2389,2107,1344,1308,12833,10,10,0,1286,1238,12837,12836,12841,12842,12842,12843,12845,12845,12846,12846,12845,0,0,0,0,0,0,0,0]} 1. d4 d5 2. c4 e6 3. Nc3 Nf6 4. cxd5 Nxd5 5. e4 Nxc3 6. bxc3 c5 7. Nf3 cxd4 8. cxd4 Bb4+ 9. Bd2 Bxd2+ 10. Qxd2 O-O 11. Rc1 b6 {D41: Queen's Gambit Declined: Semi-Tarrasch with 5 cxd5} 12. Bd3 Bb7 (12... Ba6 13. Bxa6 Nxa6 14. O-O Rc8 15. Rxc8 Qxc8 16. Rc1 Qb7 17. Qc2 Nb4 18. Qc4 a5 19. a3 {½-½ (45) Navara,D (2741)-Carlsen,M (2842) Biel 2018}) 13. O-O Nd7 14. Qe3 Nf6 15. Ne5 Qe7 16. f3 Rac8 {[#]} 17. Nc4 $146 ({Predecessor:} 17. Bb5 Qd6 18. a4 Rfd8 19. Rfd1 h6 20. h3 Ne8 21. Qf4 Nf6 22. Qe3 Ne8 23. Qf4 Nf6 24. Qe3 {½-½ (24) Peralta,F (2556)-Bogner,S (2586) Lorca 2017}) 17... Rfd8 18. Rfd1 Ne8 19. Bf1 Rc7 20. Ne5 Rdc8 21. Rxc7 Rxc7 22. Qb3 h6 23. a4 Nf6 24. Bb5 Rc8 25. g4 (25. Qb2 $11) 25... Ne8 (25... Nh7 $1 $15) 26. Kg2 Nd6 {Black wants to play ...h5!} 27. Bd3 Qc7 28. Qb4 Ne8 29. h4 Qd6 30. Qb3 Qe7 31. h5 Nf6 32. Bc4 (32. a5 $5) 32... Nd7 33. Nd3 Qd6 34. Bb5 ({White should play} 34. Nf2 $11) 34... Rc7 ({Better is} 34... Qxd4 $15 35. Bxd7 (35. Nc1 Qf6 $15) 35... Qxd7) 35. Nf2 Qf4 36. Qb4 Nf6 37. Bd3 Rd7 38. Qc4 (38. Qc3 {with more complications.} Nh7 39. Be2 Ng5 40. a5 bxa5 41. Qxa5 Qe3 42. Qb5) 38... Qc7 (38... Qg5 {keeps more tension.} 39. Kf1 Nh7 40. Be2 Qd8 41. Qc3 Rc7) 39. Qxc7 Rxc7 40. Rb1 Rd7 41. Rb4 Kf8 42. Kg3 Ke7 43. Kf4 Rc7 44. Ke3 (44. a5 $14) 44... Bc6 45. Ba6 Nd7 46. Nd3 Kd8 47. Bb5 a5 48. Rc4 Bxb5 49. Rxc7 Kxc7 50. axb5 $14 {[%mdl 4096] Endgame KN-KN} Kd6 51. Nb2 Kc7 52. Nc4 Kd8 53. e5 Ke7 54. f4 f6 $1 55. Kd2 Kf7 56. Nd6+ Ke7 57. Kc3 Kd8 58. Ne4 Ke7 59. Kc4 Kf7 60. Nd6+ Ke7 61. Kb3 Kd8 62. Kc3 Ke7 63. Nc4 Kf7 64. Kb3 Ke7 65. Ka4 Kd8 66. Nd6 Ke7 67. Nc4 Kd8 $1 68. f5 Ke7 69. Ka3 fxe5 $1 70. dxe5 Kf7 71. Kb2 Ke7 $1 72. Kc3 Kf7 73. Kd4 Ke7 74. Nd6 a4 75. Nc4 Kf7 $2 {[%mdl 8192]} (75... Nc5 $14) 76. Kc3 $18 Ke7 77. Kb4 Nc5 78. Nb2 (78. Ka3 $142 Nd3 79. Kxa4) 78... Kf7 $2 {[#]} (78... Ke8 79. Nc4 (79. Nxa4 Nd3+ 80. Kc3 Nxe5 $18) 79... Kf7) 79. Nxa4 $2 (79. Ka3 $1 $18 {Threatens to win with Nc4.} exf5 80. gxf5) 79... Nd3+ $11 80. Kc3 Nxe5 81. Nxb6 {Hoping for Kd4.} exf5 $2 {[%mdl 8192]} (81... Nxg4 $11 82. Nc4 Nf6) 82. gxf5 $18 Kf6 83. Nc4 Nd7 {[#]} 84. Ne3 $2 (84. Kd4 $1 $18 {[%cal Rd4d5]} Ke7 85. Kd5) 84... Ke5 $1 $11 85. Kd3 Kf4 $2 {[%mdl 8192]} (85... Nf6 $11) 86. Kd4 $18 Kg5 87. Kd5 Kxh5 88. Kc6 Ne5+ 89. Kd6 Nd3 90. b6 Nb4 91. b7 Na6 92. Ke6 $2 (92. Ke7 $18 Kg5 93. Kf7) 92... Nc5+ $11 {The position is equal.} 93. Kf7 Nxb7 94. Kxg7 Nd6 95. f6 Ne8+ {Precision: White = 49%, Black = 38%.} 1/2-1/2

[Event "Aarhus Festuge GM 2018"]
[Site "Aarhus"]
[Date "2018.09.16"]
[Round "9"]
[White "Zumsande, Martin"]
[Black "Pajeken, Jakob Leon"]
[Result "1-0"]
[WhiteElo "2458"]
[BlackElo "2337"]
[Annotator "TA"]
[PlyCount "85"]
[EventDate "2018.09.08"]
[EventType "tourn"]
[EventCountry "DEN"]
[SourceTitle "playchess.com"]
[Source "ChessBase"]
[SourceQuality "1"]

{[%evp 9,85,-14,-6,-20,-7,-12,6,0,-6,-42,78,8,48,27,118,108,101,92,131,90,290,318,445,463,577,572,566,451,533,486,881,880,835,672,1256,944,870,477,470,368,383,383,357,350,399,388,510,513,474,131,609,496,504,169,167,158,156,163,234,231,223,208,375,372,410,407,443,430,436,441,478,468,543,522,572,564,570,564]} 1. e4 e5 2. Nf3 Nc6 3. c3 d5 4. Qa4 f6 5. d3 Nge7 6. Be2 {C44: Ponziani Opening and Scotch Gambit} Be6 7. O-O Qd7 8. b4 {The position is equal.} (8. Qc2 O-O-O 9. b4 Ng6 10. a4 Kb8 11. b5 Na5 12. c4 dxc4 13. dxc4 {0-1 (31) Nepomniachtchi,I (2751)-Karjakin,S (2783) chess.com INT 2017}) 8... a6 9. Nbd2 Nc8 $146 (9... g5 $15 {keeps the upper hand.}) ({Predecessor:} 9... Ng6 10. Rd1 Nf4 11. Bf1 d4 12. cxd4 b5 {½-½ (39) Ljubojevic,L-Palacios de la Prida,E Malaga 1971}) 10. Qc2 (10. b5 $16 N6a7 11. Qc2) 10... d4 11. cxd4 $1 Nxb4 (11... exd4 $11 {remains equal.} 12. a3 N8e7) 12. Qb2 $16 {a3 is the strong threat.} exd4 13. Nxd4 {Black must now prevent a3.} Bxa2 14. e5 {[#] aiming for exf6.} Bc5 $2 (14... Nb6 $16 {was called for.}) 15. Nc2 $18 Be6 16. Ne4 ({Not} 16. Nxb4 Bd4 $18) 16... Nxc2 17. Nxc5 Qc6 18. Qxc2 Bd5 19. exf6 gxf6 (19... O-O $142 20. fxg7 Rf6) 20. Bh5+ Kd8 21. Re1 Bxg2 22. Ne6+ Kd7 23. Qxc6+ Bxc6 24. Bf4 Rg8+ 25. Bg3 Nd6 26. Nc5+ Kc8 {intending ...Rg5.} 27. Re7 a5 28. Kf1 a4 29. Bf7 $2 {[#]} (29. Ne6 $18 {is more deadly.} Nf5 30. Rxc7+ Kb8 31. Bf4) 29... Rf8 $2 {[%mdl 8192]} (29... Rxg3 $16 30. hxg3 (30. fxg3 Kd8 $16) 30... Kd8) 30. Ba2 Re8 31. Bxd6 $2 (31. Rxh7 Bb5 32. Rd1) 31... cxd6 32. Rxe8+ Bxe8 33. Ne4 Bg6 (33... Bc6 {was necessary.} 34. Nxf6 Ra5 35. Nxh7 Rh5) 34. Nxd6+ Kd7 35. Ne4 f5 $2 (35... b5 36. Nxf6+ Ke7) 36. Nc5+ Kd6 37. Nxb7+ Kc6 38. Rb1 {White is clearly winning.} f4 39. Ke2 Bh5+ 40. Kd2 Bf3 41. d4 Ra7 42. Nd8+ Kd6 43. Ne6 {Precision: White = 51%, Black = 18%.} 1-0

[Event "Aarhus Festuge GM 2018"]
[Site "Aarhus"]
[Date "2018.09.16"]
[Round "9"]
[White "Olsen, Filip Boe"]
[Black "Antonsen, Mikkel"]
[Result "0-1"]
[WhiteElo "2354"]
[BlackElo "2434"]
[Annotator "TA"]
[PlyCount "92"]
[EventDate "2018.09.08"]
[EventType "tourn"]
[EventCountry "DEN"]
[SourceTitle "playchess.com"]
[Source "ChessBase"]
[SourceQuality "1"]

{[%evp 27,92,54,56,62,55,0,0,0,0,0,50,0,0,0,12,0,0,0,0,0,0,-41,-28,-13,0,-6,66,0,0,-66,-60,-230,-199,-215,-227,-441,-440,-422,-435,-413,-417,-405,-390,-403,-384,-474,-448,-424,-427,-462,-436,-378,-286,-269,-266,-604,-601,-1025,-964,-839,-815,-2028,-1539,-12844,-12843,-12844,-12844]} 1. d4 d5 2. c4 e6 3. Nc3 Nf6 4. cxd5 exd5 5. Bg5 c6 6. e3 Bf5 7. Qf3 Bg6 8. Bxf6 Qxf6 9. Qxf6 gxf6 10. Nf3 Nd7 {D35: Queen's Gambit Declined: Exchange Variation} 11. Nh4 Be7 12. Ne2 f5 13. g3 Bxh4 14. gxh4 Nf6 {LiveBook: 3 Games} 15. Nf4 (15. f3 Ke7 16. Rg1 Nh5 17. Kf2 Rae8 18. b4 {½-½ (46) Kramnik,V (2792)-Nisipeanu,L (2672) Dortmund 2018}) 15... Nh5 16. Nd3 $146 (16. Be2 $14 Nxf4 17. exf4) ({Predecessor:} 16. Be2 Nxf4 17. exf4 h5 18. Kd2 Kd7 19. Rac1 Rae8 20. Bf3 Kd6 21. Rc3 Re7 22. Rg1 Rhe8 23. Re3 Rxe3 {½-½ (23) Sommerbauer,N (2397)-Kolar,P (2313) ICCF email 2014}) 16... f4 $11 17. Nxf4 Nxf4 18. exf4 Ke7 19. f3 Kf6 20. Kf2 Rae8 21. Bh3 Bf5 22. Bxf5 Kxf5 {[%mdl 4096] Endgame KRR-KRR} 23. Rhg1 Kxf4 24. Rg7 {[%cal Rg7f7]} f5 25. Rag1 {Intending R1g4+! and mate.} Rhf8 26. h5 $1 h6 (26... Re6 $11) 27. h4 ({Much weaker is} 27. Rxb7 Re3 $17) (27. R7g3 $1 $14 c5 28. dxc5) 27... b6 28. R1g3 (28. R7g6 $11) 28... c5 $1 $15 {[%cal Rc5d4,Bc6c5,Bc5c4][%mdl 32]} 29. Rxa7 $2 {[#]} ({White should play} 29. Rg1 $1 $15) 29... Re3 $1 $19 30. Rd7 {[#]} Rd3 $1 31. Ke2 $2 (31. Rg2 Rxd4 32. Rd6) 31... c4 32. Rgg7 Re8+ 33. Rge7 Rxe7+ 34. Rxe7 Rxf3 {KR-KR} 35. Re6 Rh3 36. Rxb6 Rh2+ 37. Kf1 Kf3 {[%cal Rh2h1]} 38. Kg1 Rg2+ 39. Kf1 Rd2 {[%cal Rd2d1]} 40. Ke1 Rxd4 41. Rxh6 $2 (41. Rf6 Rxh4 42. Rxf5+ Ke3 43. Re5+ Kd4 44. Re2) 41... Rxh4 {Black is clearly winning.} 42. Rd6 d4 {[%cal Bd5d4,Bd4d3,Bd3d2][%mdl 32]} 43. h6 Ke3 {[%cal Rh4h1]} 44. Kf1 d3 45. a4 d2 46. Kg2 {[#]} Rxh6 $1 {[%mdl 512] Precision: White = 29%, Black = 77%.} 0-1

[Event "Aarhus Festuge GM 2018"]
[Site "Aarhus"]
[Date "2018.09.16"]
[Round "9"]
[White "Matthiesen, Martin"]
[Black "Kotronias, Vasilios"]
[Result "1/2-1/2"]
[WhiteElo "2275"]
[BlackElo "2505"]
[Annotator "TA"]
[PlyCount "124"]
[EventDate "2018.09.08"]
[EventType "tourn"]
[EventCountry "DEN"]
[SourceTitle "playchess.com"]
[Source "ChessBase"]
[SourceQuality "1"]

{[%evp 18,124,0,0,0,0,0,0,0,0,0,0,0,0,0,0,0,0,83,-41,-47,-56,-52,-44,-54,-47,-15,-60,-42,-53,-13,-38,-30,-30,10,11,185,185,177,182,185,109,170,73,65,66,66,64,178,173,180,184,175,158,343,102,134,119,139,117,98,0,0,-15,-15,-16,-16,-16,-16,-16,-18,-40,-59,-57,-57,-58,-59,-53,-56,-67,-3,-13,0,-37,0,0,0,0,0,0,0,0,0,0,0,0,0,0,0,0,0,0,0,0,0,0,0,0,0]} 1. d4 Nf6 2. c4 c5 3. d5 b5 4. cxb5 a6 5. f3 e6 6. e4 exd5 7. e5 Qe7 8. Qe2 Ng8 9. Nc3 Bb7 10. Nh3 c4 {A57: Benko/Volga Gambit} 11. Nf4 Qc5 12. Nfxd5 Bxd5 13. Be3 Qb4 14. a3 $1 {[%cal Ra3b4]} Qa5 15. Bd2 $1 Be6 {[#]} 16. Nd5 $1 {[%mdl 512]} Qd8 (16... Bxd5 17. Bxa5) 17. Qxc4 f5 (17... Ra7 $11) (17... Ra7 18. Rc1 axb5 {1-0 (41) Nakamura,H (2704)-Vachier Lagrave,M (2716) Cap d'Agde 2008}) 18. b6 $146 ({White should play} 18. Rc1 $1 $16 axb5 19. Nc7+ Kf7 20. Qxb5) ({Predecessor:} 18. exf6 Nxf6 19. Nxf6+ Qxf6 {0-1 (36) Fossan,A (1873)-Risting,E (2100) Ballerup 2015}) 18... Nc6 $15 19. Nc7+ Qxc7 $1 20. bxc7 Bxc4 21. Bxc4 Nge7 22. f4 {White wants to play Be3.} Ra7 23. O-O a5 24. b4 Rxc7 {Strongly threatening ...Nxe5!} 25. Rfc1 axb4 26. axb4 Nc8 $2 (26... Rc8 $11 {and Black stays safe.}) 27. Ba6 $1 $18 {[%mdl 1024] White has strong compensation.} Kd8 28. b5 $36 {[%mdl 2048] White is really pushing.} Bb4 29. Be3 ({White should try} 29. Bxb4 $1 $18 Nxb4 30. Bxc8) 29... Na5 (29... Nb8 $16) 30. b6 (30. Rcb1 $1 $18 {and White stays clearly on top.} Nc4 31. b6 (31. Rxb4 Nxe3 32. b6 Nxb6 $14) 31... N8xb6 32. Bxb6 (32. Rxb4 Nxe3 33. Rxb6 Ke7 $11) 32... Nxb6 33. Rxb4) 30... Rxc1+ $16 31. Rxc1 Ne7 $1 32. b7 Nac6 (32... Nec6 $1 $14) 33. Bb6+ $1 $18 Ke8 34. Bc4 Nb8 {[#]} 35. Bd5 $1 {[%mdl 512]} Nec6 $2 (35... Nxd5 $16 36. Rc8+ Kf7) 36. Ra1 $2 (36. Rc4 $1 $18) 36... Ke7 $16 37. Ra8 {Hoping for Bxc6.} Re8 {[#]} 38. Bc7 $1 d6 {[#]} 39. Bxc6 (39. e6 $1 $16) 39... Nxc6 $11 40. b8=Q Nxb8 ({Reject} 40... Rxb8 $6 41. Bxb8 dxe5 42. Bxe5 $16 (42. fxe5 Bc3 $16)) 41. Rxb8 Rxb8 42. Bxb8 {[%mdl 4096] Endgame KB-KB} Bc5+ 43. Kf1 d5 44. Bc7 $1 Be3 45. g3 g5 46. fxg5 Bxg5 47. Ke2 Ke6 48. Kd3 h5 (48... Bc1 $15) 49. h3 Bc1 50. Ke2 $1 Bb2 51. Kf3 {The position is equal.} Bxe5 52. Bb6 Kf6 53. g4 Kg6 54. Be3 Bf6 55. Bf2 Bg5 56. Bc5 fxg4+ 57. hxg4 h4 58. Bd6 d4 {White must now prevent ...d3.} 59. Ke4 Be3 {...h3 is the strong threat.} 60. Bc5 Bg1 {Threatens to win with ...d3!} 61. Bxd4 Bxd4 62. Kf3 Kg5 {Precision: White = 64%, Black = 42%.} 1/2-1/2

[Event "Aarhus Festuge GM 2018"]
[Site "Aarhus"]
[Date "2018.09.16"]
[Round "9"]
[White "Grove, Peter"]
[Black "Gritsak, Orest"]
[Result "1/2-1/2"]
[WhiteElo "2206"]
[BlackElo "2450"]
[Annotator "TA"]
[PlyCount "30"]
[EventDate "2018.09.08"]
[EventType "tourn"]
[EventCountry "DEN"]
[SourceTitle "playchess.com"]
[Source "ChessBase"]
[SourceQuality "1"]

{[%evp 17,18,40,50]} 1. d4 e6 2. e4 d5 3. exd5 exd5 4. Nf3 Nf6 5. Bd3 Bd6 6. Qe2+ Qe7 7. Qxe7+ Kxe7 8. O-O {C01: French: Exchange Variation} Re8 9. Re1+ Kf8 {LiveBook: 9 Games} {Predecessor:} 10. Rxe8+ $146 Kxe8 11. Nc3 c6 12. Bd2 h6 13. Re1+ Kf8 14. Ne5 Nbd7 15. f4 Nb6 {1-0 (58) Carlsen,M (2838)-Akobian,V (2645) chess.com INT 2017} 1/2-1/2